[Event "Gioiosa Marea op 22nd"]
[Site "Gioiosa Marea"]
[Date "2018.06.23"]
[Round "8"]
[White "Cino, Giuseppe Adalberto"]
[Black "Valastro, Mario"]
[Result "1-0"]
[WhiteElo "1953"]
[BlackElo "1832"]
[PlyCount "157"]
[EventDate "2018.06.17"]
[EventType "swiss"]
[EventRounds "9"]
[EventCountry "ITA"]
[SourceTitle "CBM 185 Extra"]
[Source "ChessBase"]
[SourceDate "2018.07.29"]
[SourceVersion "1"]
[SourceVersionDate "2018.07.29"]
[SourceQuality "1"]

1. e4 e5 2. Nf3 Nc6 3. Bb5 a6 4. Ba4 d6 5. 0-0 Nf6 6. d4 b5 7. Bb3 Nxd4 8. Nxd4 exd4 9. Bd5 Rb8 10. Qxd4 c5 11. Bc6+ Bd7 12. Bxd7+ Qxd7 13. Qd3 Be7 14. Rd1 Rd8 15. Bg5 d5 16. e5 Ne4 17. Bxe7 Qxe7 18. f3 Ng5 19. Nc3 d4 20. Ne4 c4 21. Qe2 Nxe4 22. Qxe4 Qc5 23. Kh1 Qd5 24. Qxd5 Rxd5 25. b3 d3 26. bxc4 bxc4 27. cxd3 cxd3 28. f4 Ke7 29. Kg1 Rc8 30. Rd2 Ke6 31. Kf2 Kf5 32. Ke3 Rc4 33. g3 Re4+ 34. Kf3 h5 35. h3 Rc4 36. Rb1 Rc2 37. Rb6 f6 38. g4+ Kg6 39. Rxc2 dxc2 40. Rc6 hxg4+ 41. hxg4 c1Q 42. Rxc1 fxe5 43. Rc6+ Kf7 44. Rxa6 exf4 45. Kxf4 Rb5 46. a4 Rb4+ 47. Kg5 Rd4 48. a5 Rd5+ 49. Kf4 Rd4+ 50. Kf3 g5 51. Rb6 Rf4+ 52. Kg3 Ra4 53. a6 Ra3+ 54. Kf2 Ra4 55. Rb7+ Kf6 56. a7 Rf4+ 57. Ke3 Ra4 58. Kd3 Ke6 59. Rh7 Ke5 60. Re7+ Kf6 61. Rh7 Kg6 62. Rb7 Kf6 63. Kc3 Ke6 64. Kb3 Ra1 65. Rg7 Kf6 66. Rc7 Ke6 67. Kb4 Kd6 68. Rg7 Rb1+ 69. Kc4 Ra1 70. Kb5 Rb1+ 71. Ka6 Ra1+ 72. Kb7 Rb1+ 73. Kc8 Rc1+ 74. Kb8 Rb1+ 75. Rb7 Re1 76. a8Q Re8+ 77. Ka7 Rxa8+ 78. Kxa8 Ke5 79. Rf7 1-0

[Event "Gioiosa Marea op 22nd"]
[Site "Gioiosa Marea"]
[Date "2018.06.22"]
[Round "7"]
[White "Valastro, Mario"]
[Black "Pinton, Maurizio"]
[Result "0-1"]
[WhiteElo "1832"]
[BlackElo "1980"]
[PlyCount "100"]
[EventDate "2018.06.17"]
[EventType "swiss"]
[EventRounds "9"]
[EventCountry "ITA"]
[SourceTitle "CBM 185 Extra"]
[Source "ChessBase"]
[SourceDate "2018.07.29"]
[SourceVersion "1"]
[SourceVersionDate "2018.07.29"]
[SourceQuality "1"]

1. e4 d6 2. d4 Nf6 3. Nc3 e5 4. Nf3 exd4 5. Nxd4 Be7 6. Bc4 c6 7. a4 0-0 8. 0-0 Re8 9. Qf3 Nbd7 10. Bb3 Ne5 11. Qe2 c5 12. Ndb5 a6 13. Na3 Nc6 14. Bc4 Bf8 15. Bg5 Be7 16. f3 h6 17. Be3 Bf8 18. Kh1 Bd7 19. g4 Rb8 20. g5 hxg5 21. Bxg5 Be7 22. Qg2 Nh7 23. Bh6 Bf8 24. Rg1 Qf6 25. Bd2 Ne5 26. Be2 Bc6 27. Nc4 Ng6 28. Qg3 Rbd8 29. Na5 d5 30. exd5 Bxd5 31. Nxd5 Rxd5 32. Bc3 Qe7 33. Bc4 Rg5 34. Qf2 Nf4 35. Rae1 Nh3 36. Qd2 Rxg1+ 37. Rxg1 Nxg1 38. Kxg1 Rd8 39. Qf4 Ng5 40. Kg2 Ne6 41. Qe5 Rd6 42. f4 b6 43. Nb3 Qb7+ 44. Kg3 b5 45. axb5 axb5 46. Bd3 c4 47. Be4 Qb6 48. Nc1 Qg1+ 49. Kh3 Qxc1 50. Qf5 Nxf4+ 0-1